[Event "Sarkisov Memorial op"]
[Site "Krasnodar"]
[Date "2003.??.??"]
[Round "?"]
[White "Poluljahov, Aleksandr"]
[Black "Voronov, Pavel"]
[Result "1-0"]
[WhiteElo "2527"]
[BlackElo "2299"]
[PlyCount "73"]
[EventDate "2003.??.??"]
[EventType "swiss"]
[EventRounds "9"]
[EventCountry "RUS"]
[SourceTitle "EXT 2005"]
[Source "ChessBase"]
[SourceDate "2004.11.15"]
[SourceVersion "1"]
[SourceVersionDate "2004.11.15"]
[SourceQuality "1"]

1. Nf3 Nf6 2. c4 e6 3. Nc3 Bb4 4. Qc2 b6 5. a3 Bxc3 6. Qxc3 Bb7 7. b4 c5 8. Bb2 a5 9. e3 Qe7 10. bxc5 bxc5 11. Be2 d6 12. 0-0 0-0 13. d3 Nbd7 14. Rab1 Bc6 15. Nd2 Rfb8 16. Bf3 Ne5 17. Bxc6 Nxc6 18. Ba1 Qc7 19. Rb5 Rxb5 20. cxb5 Ne7 21. Rb1 Rb8 22. a4 Nc8 23. Nc4 Nb6 24. Qxa5 Nfd5 25. Nxb6 Nxb6 26. Qc3 f6 27. Qb3 Ra8 28. Qxe6+ Kf8 29. d4 Rxa4 30. dxc5 dxc5 31. Bc3 Ra8 32. g3 h6 33. Rc1 Re8 34. Qf5 Qd6 35. Ra1 Nd5 36. Ra6 Qd8 37. Be1 1-0

[Event "Sarkisov Memorial op"]
[Site "Krasnodar"]
[Date "2002.??.??"]
[Round "?"]
[White "Alavkin, Arseny Nailievich"]
[Black "Voronov, Pavel"]
[Result "1-0"]
[WhiteElo "2498"]
[BlackElo "2292"]
[PlyCount "55"]
[EventDate "2002.04.??"]
[EventType "swiss"]
[EventRounds "9"]
[EventCountry "RUS"]
[SourceTitle "EXT 2003"]
[Source "ChessBase"]
[SourceDate "2002.11.25"]
[SourceVersion "1"]
[SourceVersionDate "2002.11.25"]
[SourceQuality "1"]

1. e4 c6 2. d4 d5 3. Nd2 dxe4 4. Nxe4 Nd7 5. Nf3 Ngf6 6. Ng3 e6 7. Bd3 c5 8. 0-0 cxd4 9. Nxd4 Bc5 10. Nb3 Be7 11. Qf3 0-0 12. Bf4 Nd5 13. Bd2 Ne5 14. Bxh7+ Kxh7 15. Qh5+ Kg8 16. Qxe5 Bf6 17. Qe2 Bxb2 18. Rad1 Qh4 19. c4 Nc3 20. Bxc3 Bxc3 21. Ne4 Bb4 22. f4 Rd8 23. c5 Bd7 24. Rd3 Qe7 25. Qh5 f6 26. Rh3 Be8 27. Qh8+ Kf7 28. Ng5+ 1-0